Meistgestreamten Songs auf Spotify - Statistiken

Allgemein
  • Dieses Quiz wurde 158 mal gespielt
  • Das Durchschnittsergebnis liegt bei 4 aus 20
Antwortstatistiken
Streams Antwort % Korrekt
3.511.000.000 Ed Sheeran - Shape of You
72%
3.626.000.000 The Weeknd - Blinding Lights
69%
2.500.000.000 Ed Sheeran - Perfect
32%
2.836.000.000 Tones and I - Dance Monkey
27%
2.284.000.000 Billie Eilish - Bad Guy
23%
2.479.000.000 The Weeknd feat. Daft Punk - Starboy
21%
2.663.000.000 Drake feat. Wizkid & Kyla - One Dance
18%
2.694.000.000 Post Malone feat. 21 Savage - Rockstar
18%
2.598.000.000 The Kid Laroi feat. Justin Bieber - Stay
16%
2.369.000.000 Harry Styles - As It Was
15%
2.702.000.000 Post Malone und Swae Lee - Sunflower
15%
2.264.000.000 Harry Styles - Watermelon Sugar
12%
2.448.000.000 Shawn Mendes & Camila Cabello - Señorita
12%
2.297.000.000 Billie Eilish & Khalid - Lovely
9%
2.481.000.000 Glass Animals - Heat Waves
8%
2.538.000.000 Imagine Dragons - Believer
8%
2.557.000.000 The Chainsmokers feat. Halsey - Closer
6%
2.261.000.000 Dua Lipa - Don't Start Now
5%
2.374.000.000 James Arthur - Say You Won't Let Go
4%
2.819.000.000 Lewis Capaldi - Someone you Loved
2%
Keine übereinstimmenden Quizze gefunden
Verteilung der Resultate
Anzahl Personen mit jedem Resultat
Perzentil nach korrekt beantworteten Fragen
Ihre Resultats-Entwicklung
Sie haben dieses Quiz noch nicht gespielt